United States Senate Committee Ranking Members - Statistics

General Stats
  • This quiz has been taken 87 times
    21 since last reset
  • The average score is 10 of 21
Answer Stats
Hint Answer % Correct
Judiciary Chuck Grassley
91%
Rules and Administration Roy Blunt
82%
Foreign Relations Jim Risch
64%
Budget Lindsey Graham
64%
Intelligence Marco Rubio
64%
Aging Tim Scott
64%
Health, Education, Labor, and Pensions Richard Burr
55%
Homeland Security and Intergovernmental Affairs Rob Portman
55%
Commerce, Science, and Transportation Roger Wicker
55%
Ethics James Lankford
45%
Appropriations Richard Shelby
45%
Armed Services Jim Inhofe
36%
Agriculture, Nutrition, and Forestry John Boozman
36%
Indian Affairs Lisa Murkowski
36%
Banking, Housing, and Urban Affairs Pat Toomey
36%
Veteran's Affairs Jerry Moran
27%
Energy and Natural Resources John Barrasso
27%
International Narcotics Control John Cornyn
27%
Finance Mike Crapo
27%
Small Business and Entrepreneurship Rand Paul
27%
Environment and Public Works Shelly Moore Capito
27%
No matching quizzes found
Score Distribution
Percent of People with Each Score
Percentile by Number Answered
Your Score History
You have not taken this quiz since the last reset